000 02317nam0a2200349 4500
001 RU\NLR\bibl\1211513
005 20260405205411.0
010 _a5-89329-133-6
_92000
035 _a(NLR Aleph) 001197938
090 _a1758885
_c1758885
100 _a20080407d2000 |||y0rusy50 ca
101 1 _arus
_ceng
102 _aRU
105 _ac |||||||||
200 1 _aАлкифрон, или Мелкий философ
_aРаботы разных лет
_fДжордж Беркли
_g[пер. с англ. А.А. Васильева
_gМВД России, С.-Петерб. ун-т и др.]
210 _aСанкт-Петербург
_cФонд поддержки науки и образования в области правоохранительной дестельности "Университет" [и др.]
_d2000
215 _a425, [2] с.
_cпортр.
_d25
225 1 _aПамятники религиозно-философской мысли нового времени
_iЗападная религиозная философия
_fрук.: засл. деят. науки Рос. Федерации, д.ю.н., проф., акад. В.П. Сальников
300 _aВ надзаг. также: Акад. права, экономики и безопасности жизнедеятельности, Фонд поддержки науки и образования в обл. правоохран. деятельности "Ун-т"
320 _aБиблиогр. в Прим.: с. 402-425 и в подстроч. прим.
327 1 _aВ кн. также: Алкифрон, или Сила слова / Ж. Брикман
464 0 _12001#$aАлкифрон, или Сила слова$fЖ. Брикман
_1700#1$aБрикман$bЖ.$gЖеневьева$4070
_tАлкифрон, или Сила слова
_aБрикман, Женевьева
517 0 _aМелкий философ
606 1 _aСубъективный идеализм
_yВеликобритания
_92646723
_3RU\NLR\AUTH\6601746249
686 _aЮ3(4Вл)5-514
700 1 _4070
_7ca
_8rus
_aБеркли
_bД.
_f1685-1753
_gДжордж
_975575
_3RU\NLR\auth\7792648
801 0 _aRU
_bNLR
_c20080407
_gRCR
801 1 _aRU
_bNLR
_c20080407
942 _cBOOK
980 _aNB